El átomo inquieto /

Guardado en:
Autor Principal: Romer, Alfred
Formato: Libro
Publicado: Buenos Aires : Eudeba, 1963
Edición:2a. ed.
Materias:
Etiquetas: Agregar Etiqueta
Sin Etiquetas, Sea el primero en etiquetar este registro!
LEADER 00484nam a22001935a 4500
001 CEM.cems005573
005 20060221000000.0
008 130507s1963##################000#0#####d
003 CEMS
082 0 4 |a 539 
100 1 |a Romer, Alfred 
245 1 0 |a El átomo inquieto / 
250 |a 2a. ed. 
260 |a Buenos Aires :  |b Eudeba,  |c 1963 
300 |a 213 p. 
653 |a Atomo 
653 |a Física 
653 |a Física nuclear 
859 |a CEMS  |b BIB. CEMS - 11 de abril  |h 539  |i R664a2  |p 6539.78  |t Ej.1